Geography Quiz

Random Geography or City Quiz

Arab Cities (slideshow) Quiz Stats

Quiz not verified by Sporcle

Challenge
Share
Tweet
Score 0/40 Timer 20:00
0 Plays Today
% Correct
دبي Dubai, UAE
98.2%
مكة Mecca, Saudi Arabia
88.2%
الدوحة Doha, Qatar
71.1%
بيروت Beirut, Lebanon
50.8%
مراكش Marrakech, Morocco
50.3%
صنعاء Sana'a, Yemen
50.2%
الرياض Riyadh, Saudi Arabia
47.7%
الكويت Kuwait City, Kuwait
46.5%
دمشق Damascus, Syria
45.4%
بغدلد Baghdad, Iraq
45.4%
تونس Tunis, Tunisia
44.6%
القاهرة Cairo, Egypt
42.7%
الدار البيضاء Casablanca, Morocco
42.2%
عمان Amman, Jordan
41.9%
أبو ظبي Abu Dhabi, UAE
41.4%
المنامة Manama, Bahrain
40.4%
الإسكندرية Alexandria, Egypt
40.1%
مسقط Muscat, Oman
34.7%
بيت لحم Bethlehem, Palestine
33.4%
الجزائر Algiers, Algeria
30.3%
% Correct
طرابلس Tripoli, Libya
29.2%
فاس Fes, Morocco
28.7%
حلب Aleppo, Syria
26.6%
الرباط Rabat, Morocco
25.3%
الخرطوم Khartoum, Sudan
24.5%
وهران Oran, Algeria
24.3%
غزة Gaza, Palestine
24%
الأقصر Luxor, Egypt
23.5%
عدن Aden, Yemen
20.9%
طنجة Tangier, Morocco
18.5%
جدة Jeddah, Saudi Arabia
18%
أربيل Erbil, Iraq
16.7%
نواكشوط Nouakchott, Mauritania
14.8%
حماه Hama, Syria
14.4%
قسنطينة Constantine, Algeria
13.9%
كربلاء Kerbala, Iraq
13.4%
أسوان Aswan, Egypt
12.5%
جيبوتي Djibouti, Djibouti
9.8%
عنابة Annaba, Algeria
5.2%
كسلا Kassala, Sudan
4.7%

You're not logged in!

Compare scores with friends on all Sporcle quizzes.
Sign Up with Email
OR
Log In

You Might Also Like...

Show Comments

Extras

Top Quizzes Today


Score Distribution

Your Account Isn't Verified!

In order to create a playlist on Sporcle, you need to verify the email address you used during registration. Go to your Sporcle Settings to finish the process.